Konštrukčný návrh zariadenia pre plošné tvárnenie hlbokého výťažku
Gespeichert in:
| 1. Verfasser: | |
|---|---|
| Weitere Verfasser: | |
| Format: | Manuskript Buch |
| Sprache: | Slowakisch |
| Veröffentlicht: |
2015
|
| Schlagworte: | |
| Online-Zugang: | http://is.stuba.sk/zp/portal_zp.pl?podrobnosti=112928 |
| Tags: |
Keine Tags, Fügen Sie das erste Tag hinzu!
|
MARC
| LEADER | 00000ntm a22000003a 4500 | ||
|---|---|---|---|
| 001 | stuzp53211 | ||
| 003 | SK-STU | ||
| 005 | 20160719154420.8 | ||
| 007 | ta | ||
| 008 | 150427s2015----xo-----f-mn---000-0-slo-d | ||
| 040 | |a STU |b slo | ||
| 041 | 0 | |a slo | |
| 100 | 1 | |a Papiernik, Matúš |u 020050 |4 aut |U SjF Strojnícka fakulta |T SjF Ústav technológií a materiálov |X 44417 |U J0050 |Y 803 |7 A000044417 | |
| 242 | 0 | 1 | |a Construction desing of deep drawing tool |y eng |
| 245 | 1 | 0 | |a Konštrukčný návrh zariadenia pre plošné tvárnenie hlbokého výťažku |
| 260 | |c 2015 | ||
| 650 | 4 | |a anizotropia |2 slo | |
| 650 | 4 | |a hlboké ťahanie |2 slo | |
| 650 | 4 | |a nástroj pre hlboké ťahanie |2 slo | |
| 650 | 4 | |a metóda konečných prvkov |2 slo | |
| 650 | 4 | |a anisotropy |2 eng | |
| 650 | 4 | |a deep drawing |2 eng | |
| 650 | 4 | |a finite element methode |2 eng | |
| 650 | 4 | |a deep drawing tool |2 eng | |
| 700 | 1 | |a Schrek, Alexander |4 ths |X 2319 |7 A000002319 | |
| 856 | 4 | |u http://is.stuba.sk/zp/portal_zp.pl?podrobnosti=112928 | |
| 996 | |b 284J043805 |c J* 2095/DP |l JJSK |s A |a 24 |w stuzp53211_0001 | ||
| SQL | |a stuzp53211 |b DDP |c SLO |d Konštrukčný návrh zariadenia pre plošné tvárnenie hlbokého výťažku |e 44417 |f Papiernik, Matúš |g 020050 |h 2319 |i Schrek, Alexander |j 20150617 |k 60 |l 02 |m http://is.stuba.sk/zp/portal_zp.pl?podrobnosti=112928 |n I-STAM |o 5.2.51. výrobné technológie | ||